A war decision against Germany (Fotocopia tomada de Allied Intervention in Bolshevik Russia)

Guardado en:
Bibliografiske detaljer
Hovedforfatter: Kennan, George F.
Format: Texto
Udgivet: s.l.: s.e.
Tags: Tilføj Tag
Ingen Tags, Vær først til at tagge denne postø!

MARC

LEADER 00000 a a2200000 04500
001 23661
003
040
090 |a 165600  
100 |a Kennan, George F.  
245 |a A war decision against Germany (Fotocopia tomada de Allied Intervention in Bolshevik Russia)  
260 |a s.l.:   |b s.e.  
300 |a pp. 97-122  
999 |c 15880  |d 15880